000
00342 a2200157 4500
001
160645
020
_a
040
_c
Magnum
100
_a
Iacocca, Liliana
240
1
0
_a
Chiquinho quinta-feira
_l
por
245
1
0
_a
Chiquinho quinta-feira
362
0
_a
1899
440
1
_a
Melhoramentos
697
_a
IJ/SOCIEDADE COTIDIANO
942
_c
BK
999
_c
160645
_d
160645